00430nam a2200121Ia 45000010005000000080041000050820026000461000035000722450136001072600020002439010028002639990017002912875241024s9999 xx 000 0 und d a[*SIN CLASIFICACION*] aVelázquez Cabiella, Ena Elsa 0aConferencia Iaugural Educación para la vida: Un Desafío permanente a los sistemas educacionales de América Latina y El Caribe bLa Habanac2013 a18/4/2013 11:30:43 a.m. c12252d12252